Království poezie Gabriely Vránové dokumentární film, který objevuje tajemné krásy poezie /

Další autoři: Kepka, Ondřej, 1969-, Vránová, Gabriela, 1939-2018
Jazyk: Čeština
Vydáno: Brno : Český rozhlas, 2010
Témata:
DVD
Fyzický popis: 1 DVD-video (86 min.) : zvuk., barev. 12 cm + příloha
Video
Uloženo v:
LEADER 01515ngm a2200397 a 4500
001 001095048
003 CZ BrMZK
005 20110111095731.0
007 co^cga
008 100503s2010 xr ||||e||||||||||v|cze
020 |q (DVD) 
040 |a BOA001  |b cze 
045 |a x-x- 
072 7 |a 821.162.3-1  |x Česká poezie  |2 Konspekt  |9 25 
080 |a 821.162.3-1  |2 MRF 
080 |a 821.162.3-1-051  |2 MRF 
080 |a 82:7.04  |2 MRF 
080 |a (0:82-4)  |2 MRF 
080 |a (0.034.44)  |2 MRF 
245 0 0 |a Království poezie Gabriely Vránové  |h [videozáznam] :  |b dokumentární film, který objevuje tajemné krásy poezie /  |c režie Ondřej Kepka 
260 |a Brno :  |b Český rozhlas,  |c 2010 
300 |a 1 DVD-video (86 min.) :  |b zvuk., barev.  |c 12 cm +  |e příloha 
500 |a Doprovodný text v pouzdře 
508 |a Námět a scénář Odřej Kepka a Gabriela Vránová 
648 7 |a 20. století  |7 ch460558  |2 czenas 
650 0 7 |a česká poezie  |7 ph150471  |y 20. stol.  |2 czenas 
650 0 7 |a čeští básníci  |7 ph128168  |y 20. stol.  |2 czenas 
650 0 7 |a literární náměty  |7 ph138213  |2 czenas 
655 7 |a úvahy  |7 fd134000  |2 czenas 
655 7 |a DVD  |7 fd186912  |2 czenas 
700 1 |a Kepka, Ondřej,  |d 1969-  |7 jn99240000437  |4 drt  |4 sce 
700 1 |a Vránová, Gabriela,  |d 1939-2018  |7 jn19990210812  |4 act  |4 sce 
910 2 |a BOA001  |b CDR2-1241.369 
990 |a VI 
991 |b 201011  |e n 
996 6 |b 2610434119  |c CDR2-1241.369  |l Stud. periodik/2.patro  |r Sklad / do 1 hodiny  |n 0  |p p.v.  |w 001121126  |u 000010  |a 1  |e BOA001  |j MZK50  |s P